000 00589nam a2200193 a 4500
005 20240504063739.0
008 991125s1986 es 000 0 spa u
020 _a8470464213
035 _aUPN01000042490
049 _aCG
050 4 _aQ125
_bM5.3
100 1 _aMinguez Pérez, Carlos
245 1 0 _aDe Ockhama a Newton :
_bla formación de la ciencia moderna /
_cCarlos Minguez Pérez ; pról. Fernando Montero Moliner.
260 _aMadrid :
_bCINCEL,
_c1986.
300 _a199 p.
440 0 _aHistoria de la filosofía ;
_v10
650 4 _aCiencia
_xHistoria
_94695
905 _aLibro
999 _c42490
_d42490